Introduction to mechanics (Record no. 544280)
[ view plain ]
| 000 -LEADER | |
|---|---|
| fixed length control field | 00558cam a2200169K 4500 |
| 082 04 - DEWEY DECIMAL CLASSIFICATION NUMBER | |
| Classification number | 531 |
| Author Mark | INT |
| -- | L-5 P-57 |
| 100 1# - MAIN ENTRY--PERSONAL NAME | |
| Personal name | Levinson, Irving J. |
| 9 (RLIN) | 39865 |
| 245 10 - TITLE STATEMENT | |
| Title | Introduction to mechanics |
| 260 ## - PUBLICATION, DISTRIBUTION, ETC. | |
| Place of publication, distribution, etc. | Englewood Cliffs, N.J., |
| Name of publisher, distributor, etc. | Prentice-Hall. |
| Date of publication, distribution, etc. | 1961. |
| 300 ## - PHYSICAL DESCRIPTION | |
| Extent | 1 online resource (315 p.) |
| Other physical details | illus. |
| 526 ## - STUDY PROGRAM INFORMATION NOTE | |
| Program name | 0 |
| Interest level | 0 |
| Reading level | 0 |
| Title point value | 531_000000000000000_INT |
| 526 ## - STUDY PROGRAM INFORMATION NOTE | |
| Program name | 0 |
| Interest level | 0 |
| Reading level | 0 |
| Title point value | 531_000000000000000_INT |
| 650 #0 - SUBJECT ADDED ENTRY--TOPICAL TERM | |
| Topical term or geographic name entry element | MCE |
| 9 (RLIN) | 379 |
| 650 #0 - SUBJECT ADDED ENTRY--TOPICAL TERM | |
| Topical term or geographic name entry element | Mechanics, Analytic. |
| 9 (RLIN) | 39816 |
| 856 40 - ELECTRONIC LOCATION AND ACCESS | |
| Uniform Resource Identifier | <a href="http://catalog.hathitrust.org/api/volumes/oclc/1188107.html">http://catalog.hathitrust.org/api/volumes/oclc/1188107.html</a> |
| 942 ## - ADDED ENTRY ELEMENTS (KOHA) | |
| Source of classification or shelving scheme | |
| Koha item type | Book |
| Withdrawn status | Lost status | Source of classification or shelving scheme | Damaged status | Not for loan | Permanent Location | Current Location | Date acquired | Total Checkouts | Full call number | Barcode | Date last seen | Date last checked out | Price effective from | Koha item type |
|---|---|---|---|---|---|---|---|---|---|---|---|---|---|---|
| Military College of Engineering (MCE) | Military College of Engineering (MCE) | 04/16/2014 | 1 | 531 INT | MCE-3421 | 06/23/2017 | 03/09/2017 | 04/16/2014 | Book | |||||
| Military College of Engineering (MCE) | Military College of Engineering (MCE) | 04/16/2014 | 531 INT | MCE-33189 | 04/16/2014 | 04/16/2014 | Book |
